| 000 | 00384pab a2200157 454500 | ||
|---|---|---|---|
| 008 | 180718b2001 xxu||||| |||| 00| 0 eng d | ||
| 100 | _aMohan, T.T. Ram | ||
| 245 | _aThe ecstasy and the agony | ||
| 260 | _c2001 | ||
| 300 | _ap.815-17 | ||
| 362 | _a10 Mar | ||
| 650 | _aBudget - India - 2001-2002 | ||
| 650 | _aBudget | ||
| 773 | _aEconomic and Political Weekly | ||
| 909 | _a47871 | ||
| 999 |
_c47871 _d47871 |
||